000 00238 a2200109 4500
001 51155
040 _cAnchieta - Pituba
240 1 0 _aPasch
_l
245 1 0 _aPasch
650 4 _aLínguas germânicas (teutônicas) língua alemã
942 _cMX
999 _c51155
_d51155